<?xml version="1.0" encoding="UTF-8"?>
<collection xmlns="http://www.loc.gov/MARC21/slim">
 <record>
  <leader>     na                 </leader>
  <controlfield tag="001">INLIS000000000000060</controlfield>
  <controlfield tag="005">20250702125600</controlfield>
  <datafield tag="035" ind1=" " ind2=" ">
   <subfield code="a">0010-0221000007</subfield>
  </datafield>
  <datafield tag="245" ind1="1" ind2=" ">
   <subfield code="a">Sistem Proteksi Relay Over Frequency dan Under Frequency pada Busbar 20 KV Pusat Listrik Bilibili :</subfield>
   <subfield code="b">Kuliah Kerja Praktik (KKP) /</subfield>
   <subfield code="c">Tegar Fauzy Rifai (17OSP221); Muslimin</subfield>
  </datafield>
  <datafield tag="100" ind1="1" ind2=" ">
   <subfield code="a">RIFAI, Tegar Fauzy</subfield>
  </datafield>
  <datafield tag="250" ind1=" " ind2=" ">
   <subfield code="a">2020</subfield>
  </datafield>
  <datafield tag="300" ind1=" " ind2=" ">
   <subfield code="a">xi, 50 halaman :</subfield>
   <subfield code="b">tabel; gambar ;</subfield>
   <subfield code="c">20,5x29,5 cm</subfield>
   <subfield code="e">bibliografi; lampiran</subfield>
  </datafield>
  <datafield tag="856" ind1=" " ind2=" ">
   <subfield code="a">OPAC (Ruang Referensi - Rak Laporan Praktek OSP 2020)</subfield>
  </datafield>
  <datafield tag="260" ind1=" " ind2=" ">
   <subfield code="a">Makassar :</subfield>
   <subfield code="b">Politeknik ATI Makassar-Otomasi Sistem Permesinan,</subfield>
   <subfield code="c">2020</subfield>
  </datafield>
  <datafield tag="082" ind1=" " ind2=" ">
   <subfield code="a">(R)2020 LKKP-OSP 818</subfield>
  </datafield>
  <datafield tag="084" ind1=" " ind2=" ">
   <subfield code="a">(R)2020 LKKP-OSP 818 RIF s</subfield>
  </datafield>
  <datafield tag="520" ind1=" " ind2=" ">
   <subfield code="a">Pusat Listrik Tenaga Air adalah pembangkit tenaga Listrik yang mengubah energi potensial air menjadi energi listrik. Mesin penggerak yang digunakan adalah turbin air. Air yang merupakan bahan baku pusat listrik dapat diperoleh dari waduk secara langsung disalurkan untuk memutar turbin. Air ditampung pada sebuah reservoir. Air ini kemudian dibendung dan dialirkan melalui intake. Kemudian air dialirkan menuju penstock. Air kemudian dialirkan ke turbin melalui inlet volve dengan bantuan servo motor sebagai penggerak guide vane. Poros turbin dihubungkan dengan rotor generator melalui kopling, sehingga menghasilkan putaran dan menimbulkan induksi pada kumparan stator yang selanjutnya menghasilkan tegangan listrik 6,6 kV. Putaran turbin dipertahankan tetap konstan agar frekuensinya juga tetap konstan. Tegangan generator dari 6.6 kV dialirkan ke trafo utama untuk menaikkan tegangan menjadi 20 kV. Energi listrik dari generator ini diatur dan ditransfer oleh main transformer agar sesuai dengan kapasitas transmission line (tegangan, daya dan lain-lain) untuk dibagikan ke rumah-rumah pelanggan</subfield>
  </datafield>
  <controlfield tag="008">250702                |          | |  </controlfield>
  <datafield tag="650" ind1=" " ind2="4">
   <subfield code="a">Laporan Praktek OSP 2020</subfield>
  </datafield>
  <datafield tag="700" ind1="0" ind2=" ">
   <subfield code="a">MUSLIMIN</subfield>
  </datafield>
  <datafield tag="990" ind1=" " ind2=" ">
   <subfield code="a">81/LKKP OSP 2020</subfield>
  </datafield>
 </record>
</collection>
